000
00273nam a22001217a 4500
003
OSt
008
231108b |||||||| |||| 00| 0 eng d
041
_a
hin
082
_a
891.54
_b
KAM/MA
100
_a
Kamathaprasad Guru
_9
5573
245
_a
Madhya Hindi vyakaran
942
_c
BK
999
_c
17781
_d
17781